000 00513cam a2200193 4500
001 B3270
008 090401t1990 xxu||||| |||| 00| 0 eng d
035 _a(Sirsi) u55019
041 _aeng
050 _a711.552
110 _aDebenham Tewson and Chinnocks
_93135
245 _aRetailing into the 90`s : the multiples` choice: executive summary
260 _aLondon
_bDebenham Tewson and Chinnocks
_c1990
300 _a16p. ; 30cm.
350 _a0
650 _aSHOPPING
942 _n0
948 _c04/03/1997
999 _c93538
_d93538